Санитарно-технические устройства зданий: учебник для техникумов

Detaylı Bibliyografya
Yazar: Дроздов В. Ф. Валентин Федорович
Dil:Rusça
Baskı/Yayın Bilgisi: Москва, Стройиздат, 1980
Edisyon:3-е изд., перераб. и доп.
Konular:
Materyal Türü: MixedMaterials Kitap
KOHA link:https://koha.lib.tpu.ru/cgi-bin/koha/opac-detail.pl?biblionumber=135265

MARC

LEADER 00000nam0a2200000 4500
001 135265
005 20231101220535.0
035 |a (RuTPU)RU\TPU\book\146599 
090 |a 135265 
100 |a 20080408d1980 m y0rusy50 ca 
101 0 |a rus 
102 |a RU 
105 |a a j 001zy 
200 1 |a Санитарно-технические устройства зданий  |e учебник для техникумов  |f В. Ф. Дроздов 
205 |a 3-е изд., перераб. и доп. 
210 |a Москва  |c Стройиздат  |d 1980 
215 |a 185 с.  |c ил. 
606 1 |a Санитарно-технические устройства  |x Эксплуатация  |2 stltpush  |3 (RuTPU)RU\TPU\subj\53820  |9 71985 
610 1 |a учебники 
610 1 |a отопление 
610 1 |a вентиляция 
610 1 |a газоснабжение 
610 1 |a водоснабжение 
610 1 |a канализация 
675 |a 696/.697.059(075.3)  |v 3 
700 1 |a Дроздов  |b В. Ф.  |g Валентин Федорович 
801 1 |a RU  |b 63413507  |c 20080228  |g PSBO 
801 2 |a RU  |b 63413507  |c 20210414  |g PSBO 
942 |c BK